Search the Library Catalogue
| 000 -LEADER | |
|---|---|
| fixed length control field | 01388nam a2200205Ia 4500 |
| 008 - FIXED-LENGTH DATA ELEMENTS--GENERAL INFORMATION | |
| fixed length control field | 241212s9999 xx 000 0 und d |
| 020 ## - INTERNATIONAL STANDARD BOOK NUMBER | |
| ISBN | 9789389253221 |
| Paper back/Hardbound | pbk |
| 041 ## - LANGUAGE CODE | |
| Language code of text/sound track or separate title | eng |
| 082 ## - DEWEY DECIMAL CLASSIFICATION NUMBER | |
| Classification number | 324.25456 |
| Item number | NAQ |
| 100 ## - MAIN ENTRY--AUTHOR NAME | |
| Personal name | Naqvi, Saba |
| 245 #0 - TITLE STATEMENT | |
| Title | Capital Conquest |
| 260 ## - PUBLICATION, DISTRIBUTION, ETC. (IMPRINT) | |
| Name of publisher | Hachette, |
| Year of publication | 2020 |
| Place of publication | India |
| 300 ## - PHYSICAL DESCRIPTION | |
| Number of Pages | xi, 202p. |
| Dimensions | 21 cm. |
| 504 ## - BIBLIOGRAPHY, ETC. NOTE | |
| Bibliography, etc | Includes index |
| 520 ## - SUMMARY, ETC. | |
| Summary, etc | In 2013, Delhi surprisingly voted the AAP, led by Arvind Kejriwal, into 28 seats out of 70. When Kejriwal resigned as CM 49 days after he was sworn in, the AAP was dismissed as inexperienced and unorganized. After its dismal performance in the 2014 general elections no one believed it had a second chance. Until the 2015 Delhi elections.Winning 67 out of 70 seats, it demonstrated how a party that radically challenges norms of Indian politics can bounce back from defeat. The AAP campaign ticked the right boxes with the promise of populism and a city-wide network of volunteers.<br/>In Capital Conquest, political journalist Saba Naqvi details the AAP’s ingenious election campaign, delving into little-known instances of the party’s inner workings, revealing how Kejriwal inspired volunteers and lending fresh insight into the recent sidelining of its members. |
| 650 ## - SUBJECT ADDED ENTRY--TOPICAL TERM | |
| Topical Term | Aam Aadmi Party |
| Topical Term | Delhi (India) Politics and government 21st century |
| 942 ## - ADDED ENTRY ELEMENTS (KOHA) | |
| Koha item type | English Books |
| Withdrawn status | Lost status | Damaged status | Not for loan | Home library | Current library | Shelving location | Date acquired | Cost, normal purchase price | Full call number | Accession Number | Price effective from | Koha item type | Copy number |
|---|---|---|---|---|---|---|---|---|---|---|---|---|---|
| Anna Centenary Library | Anna Centenary Library | 3RD FLOOR, B WING | 24.09.2024 | 499.00 | 324.25456 NAQ | 698268 | 24.09.2024 | English Books | |||||
| Anna Centenary Library | Anna Centenary Library | 3RD FLOOR, B WING | 24.09.2024 | 499.00 | 324.25456 NAQ;1 | 698269 | 24.09.2024 | English Books | 1 |